1987 hits: fill in the lyrics - Statistics

General Stats
  • This quiz has been taken 91 times
  • The average score is 11 of 15
Answer Stats
Artist Lyrics Answer % Correct
U2 I have run, I have crawled, I have scaled these city walls. These city walls.Only to be with you. But I still haven't found ____ __ ______ ___. what I'm looking for
91%
Tiffany I think we're _____ ___. There doesn't seem to be anyone around. alone now
88%
The Bangles All the school kids so sick of books. They like the punk and the metal bands. When the buzzer rings (Oh-way-oh). They're walking like an ________. Egyptian
88%
Michael Jackson Because I'm ___, I'm ___, shamone. You know I'm ___, I'm ___. You know it. bad
86%
Bon Jovi I'm a cowboy. On a steel horse I ride. I'm wanted ____ __ _____. dead or alive
85%
Chris de Burgh The lady in ___ is dancing with me, cheek to cheek. There's nobody here, it's just you and me. It's where I want to be. But I hardly know this beauty by my side. I'll never forget the way you look tonight. red
85%
Beastie Boys Your mom busted in and said, what's that noise? Aw, mom you're just jealous it's the Beastie Boys. You gotta fight for your right __ _____. to party
81%
Whitesnake Here I go again on my own. Going down the only road I've ever known. Like a drifter, I was born to walk alone. And I've made up my mind. I ain't wasting ___ ____ ____. no more time
78%
Crowded House Hey now, hey now, don't dream ___ ____. Hey now, hey now, when the world comes in, they come, they come, to build a wall between us. We know they won't win, it's over
77%
Wang Chung … Everybody have fun tonight. Everybody have fun tonight.Everybody ____ _____ tonight. Wang Chung
62%
Bruce Hornsby and the Range He said, son, that's just the way it is. Some things ____ _____ ______.That's just the way it is. Ah, but don't you believe them will never change
59%
Suzanne Vega My name is ____. I live on the second floor. I live upstairs from you. Yes I think you've seen me before. Luka
57%
Lipps Inc. Won't you take me to ________? Won't you take me to ________? Won't you take me to ________? Funkytown
54%
Los Lobos Para bailar __ _____. Para bailar __ _____. Se necesita una poca de gracia. Una poca de gracia pa' mí pa' ti. Y arriba y arriba. la bamba
48%
Lisa Lisa and Cult Jam Oh, I'm lost in _______, telling you things you really shouldn't know.I'm, baby, I'm lost in _______. Am I a fool? At least my friends think so. Qué será, qué será. Baby, whatever will be emotion
36%
No matching quizzes found
Score Distribution
Percent of People with Each Score
Percentile by Number Answered
Your Score History
You have not taken this quiz